00279nam a22001097a 4500020001500000040000900015082001300024100001900037245004500056260004100101650002700142 a8176482536 cNUST a004bBAN aBansal, S. K.  aInformation Technology and Globalisation aNew Delhi:bA.P.H. Pub. Corp,c2002. aInformation technology